| 000 | 00433 a2200169 4500 | ||
|---|---|---|---|
| 001 | 93224 | ||
| 020 | _a1590702247 | ||
| 082 | _a671/ WAL | ||
| 090 |
_c44761 _d44762 |
||
| 100 | _aJohn R Walker | ||
| 245 |
_aModern Metal Working 9/ed _hEnglish |
||
| 250 | _a9 | ||
| 260 |
_aTinley Park _bThe goodheart Willcox Company _c2004 |
||
| 300 |
_a233p. _bPhotocopy |
||
| 500 | _aSelected Chapter | ||
| 505 |
_aIE Textbook _gAHQ Books |
||
| 942 |
_aCAE NUST _cIE _k671/ WAL |
||
| 999 |
_c328297 _d328297 |
||